Handbook of practical forestry

Bibliographic Details
Other Authors: Bhardwaj, S.D, Panwar, Pankaj
Format: Book
Published: India : Agrobios , 2005
Subjects:

MARC

LEADER 00000cam a2200000 7i4500
001 0000003936
005 20111201.0
020 0 0 |a 8177542508 
090 0 0 |a 634.92   |b PRAC 2005 
245 1 0 |a Handbook of practical forestry   |c Pankaj Panwar & S.d. Bhardwaj 
260 0 0 |a India :   |b Agrobios ,   |c 2005 
300 |a 186 p. :   |b ill. ;   |c 25 cm. 
500 0 0 |a Includes refences 
650 0 0 |a Management---forest 
650 0 0 |a Nursery 
700 0 1 |a Bhardwaj, S.D 
700 0 1 |a Panwar, Pankaj 
998 |a JPSM 
999 |a 007281   |b Monograph   |c Open Shelf   |e Default branch